Normal view
MARC view
- BRIGGS, G. W
Entry Personal Name
001 - CONTROL NUMBER
- control field: 80476
003 - CONTROL NUMBER IDENTIFIER
- control field: NUST
005 - DATE AND TIME OF LATEST TRANSACTION
- control field: 20210628210656.0
008 - FIXED-LENGTH DATA ELEMENTS
- fixed length control field: 210628|| aca||aabn | a|a d
040 ## - CATALOGING SOURCE
- Original cataloging agency: NUST
- Transcribing agency: NUST
100 ## - HEADING--PERSONAL NAME
- Personal name: BRIGGS, G. W
670 ## - SOURCE DATA FOUND
- Source citation: Work cat.: (NUST): BRIGGS, G. W, STUDIES IN MANAGEMENT TECHNIQUES, 1953
